02622nam a2200397Ia 450000500170000000800410001702000150005804100080007308200160008124500920009725000220018930000420021165000200025365000360027365000420030994200120035126400300036333600270039333700330042033800280045304000350048199900150051695201300053195201300066195201320079195201310092395201320105495201290118695201300131595201300144595201320157595201280170795201290183595201290196495201310209320220316235646.0121119s2000 sp a gr 000 0 spa  a84253348100 aspa04a643.7bB41G00aGuía ilustrada de reparaciones en el hogarbmás de 2.000 fotografías a todo color aPrimera edición a503 páginas bilustraciones c27 cm14aBricolaje2LEMB14aReparaciones domésticas2LEMB14aPintura con rodillos xManuales2LEMB 2ddccBK aBarcelonabGrijalboc2000 atextobtxt2rdacontent asin mediaciónbn2rdamedia avolumenbnc2rdacarrier aCO-BoRNBPbspaerdacCO-BoRNBP c1715d1715 00102ddc40708GENaMEDORADObMEDORADOcGENd2022-12-30l0o643.7 B41gpDOR00610r2022-12-30 00:00:00tEj.1w2022-12-30yBK 00102ddc40708GENaMEPRICObMEPRICOcGENd2023-01-30l0o643.7 B41gpPR00000440r2023-01-30 00:00:00tEj.1w2023-01-30yBK 00102ddc40708GENaMEGUAMALbMEGUAMALcGENd2023-03-24l0o643.7 B41gpGUA002695r2023-03-24 00:00:00tEj.1w2023-03-24yBK 00102ddc40708GENaMEFTEORObMEFTEOROcGENd2023-05-23l0o643.7 B41gpFo0000787r2023-05-23 00:00:00tEj.1w2023-05-23yBK 00102ddc40708GENaMEPLLERASbMEPLLERAScGENd2023-06-16l0o643.7 B41gpPLL00691r2023-06-16 00:00:00tEj.1w2023-06-16yBK 00102ddc40708GENaMECASTILbMECASTILcGENd2023-07-31l0o643.7 B41gpEC01208r2023-07-31 20:20:24tEj.1w2023-07-31yBK 00102ddc40708GENaMECUBARRbMECUBARRcGENd2023-08-10l0o643.7 B41gpCUB02749r2023-08-10 22:30:27tEj.1w2023-08-10yBK 00102ddc40708GENaMELEJANIbMELEJANIcGENd2023-08-30l0o643.7 B41gpLEJ00691r2023-08-30 21:36:18tEj.1w2023-08-30yBK 00102ddc40708GENaMEMAPIRIbMEMAPIRIcGENd2024-01-04l0o634.7 b41GpMAP0000781r2024-01-04 20:26:30tEj.1w2024-01-04yBK 00102ddc40708GENaMEURIBEbMEURIBEcGENd2024-08-09l0o643.7 B41gpURI00822r2024-08-09 11:17:53tEj.1w2024-08-09yBK 00102ddc40708GENaMESGUARObMESGUAROcGENd2025-06-05l0o643.7 B41gpSG03239r2025-06-05 09:22:00tEj.1w2025-06-05yBK 00102ddc40708GENaMEBAUPIAbMEBAUPIAcGENd2025-07-08l0o643.7 B41GpBUP1757r2025-07-08 14:43:09tEj.1w2025-07-08yBK 00102lcc40708GENaMEPCONCObMEPCONCOcGENd2026-02-18l0o643.7 B41GpPCON02141r2026-02-18 21:05:00tEj.1w2026-02-18yBK